Tame Impala Charting Songs (Billboard Hot Rock) - Statistics

General Stats
  • This quiz has been taken 204 times
    15 since last reset
  • The average score is 17 of 36
Answer Stats
Album Weeks On Peak Artist(s) Song % Correct
The Slow Rush 23 Weeks #3 Tame Impala Borderline
93%
Currents 3 Weeks #41 Tame Impala Let It Happen
93%
Deadbeat 36 Weeks #1 (4 Weeks) Tame Impala & JENNIE Dracula
86%
Currents 20 Weeks #35 Tame Impala The Less I Know the Better
86%
Currents 3 Weeks #38 Tame Impala New Person, Same Old Mistakes
79%
The Slow Rush 1 Week #15 Tame Impala One More Hour
79%
Deadbeat 4 Weeks #20 Tame Impala End of Summer
71%
Deadbeat 11 Weeks #13 Tame Impala Loser
71%
Deadbeat 11 Weeks #8 Tame Impala My Old Ways
64%
Hyperdrama 25 Weeks #35 Justice & Tame Impala Neverender
64%
Lonerism 16 Weeks #36 Tame Impala Elephant
57%
The Slow Rush 17 Weeks #10 Tame Impala Is It True
57%
The Slow Rush 31 Weeks #5 Tame Impala Lost In Yesterday
57%
Deadbeat 2 Weeks #22 Tame Impala Obsolete
57%
Deadbeat 1 Week #27 Tame Impala Afterthought
50%
Cracker Island 23 Weeks #15 Gorillaz ft. Tame Impala & Bootie Brown New Gold
50%
Deadbeat 2 Weeks #17 Tame Impala No Reply
50%
The Slow Rush 2 Weeks #7 Tame Impala One More Year
50%
Deadbeat 2 Weeks #23 Tame Impala Piece of Heaven
50%
The Slow Rush 10 Weeks #2 Tame Impala Breathe Deeper
43%
The Slow Rush B-Sides and Remixes 1 Week #47 Tame Impala & Lil Yachty Breathe Deeper
43%
Deadbeat 2 Weeks #21 Tame Impala Oblivion
43%
The Slow Rush 2 Weeks #13 Tame Impala On Track
43%
The Slow Rush 2 Weeks #9 Tame Impala Instant Destiny
36%
The Slow Rush 14 Weeks #8 Tame Impala It Might Be Time
29%
The Slow Rush 8 Weeks #8 Tame Impala Posthumous Forgiveness
29%
Non-Album Single 4 Weeks #26 Thundercat & Tame Impala No More Lies
21%
Deadbeat 1 Week #24 Tame Impala Not My World
21%
The Slow Rush B-Sides and Remixes 15 Weeks #10 Tame Impala Patience
21%
The Slow Rush 2 Weeks #12 Tame Impala Tomorrow's Dust
21%
The Slow Rush 1 Week #17 Tame Impala Glimmer
14%
Barbie: The Album 3 Weeks #19 Tame Impala Journey to the Real World
14%
The Slow Rush B-Sides and Remixes 1 Week #44 Tame Impala No Choice
14%
The Slow Rush B-Sides and Remixes 1 Week #42 Tame Impala The Boat I Row
14%
Currents: Collectors Edition 1 Week #39 Tame Impala List of People (To Try and Forget About)
7%
Deadbeat 1 Week #36 Tame Impala See You On Monday (You're Lost)
7%
No matching quizzes found
Score Distribution
Percent of People with Each Score
Percentile by Number Answered
Your Score History
You have not taken this quiz since the last reset